000 01026cam a2200133 4500500
005 20260329023223.0
041 _afre
042 _adc
100 1 0 _aLeutrat, Jean-Louis
_eauthor
245 0 0 _aLe cinéma en perspective : Une histoire
260 _bArmand Colin,
_c2018.
520 _aCet ouvrage raconte l’histoire du cinéma, c’est-à-dire de l’art du vingtième siècle par excellence, écriture du mouvement, de la lumière et des ombres. Plutôt que d’opter pour un découpage chronologique, il met en perspective cette histoire selon trois fils conducteurs : celle du cinéma pris dans les conflits politiques du siècle dernier, celle des formes esthétiques et celle des corps cinématographiques. Grâce à cette approche originale et synthétique qui a fait de ce livre une référence depuis 25 ans, le cinéma et son histoire apparaissent comme des matières vivantes en devenir.
856 4 1 _uhttps://shs.cairn.info/le-cinema-en-perspective--9782200621872?lang=fr&redirect-ssocas=7080
999 _c1925580
_d1925580